00000000nam 2200000zi 4500
0019.946512
003CaOODSP
00520250224144123
006m     o  d f      
007cr mn|||||||||
008250106s1980    onc     o    f000 0 fre d
040 |aCaOODSP|bfre|erda|cCaOODSP
043 |an-us---|an-cn---
0861 |aId35-8/1980F-PDF
24500|aMarchés d'exportation pour le fromage : |bles États-Unis (1980).
264 1|a[Ottawa] : |bGouvernement du Canada, Industrie et commerce = Government of Canada, Industry, Trade and Commerce, |c[1980]
300 |a1 ressource en ligne (14 pages)
336 |atexte|btxt|2rdacontent/fre
337 |ainformatique|bc|2rdamedia/fre
338 |aressource en ligne|bcr|2rdacarrier/fre
500 |aPublié aussi en anglais sous le titre : Cheese export markets: the United States (1980).
500 |aÉdition numérisée de l'imprimé [par Innovation, sciences et développement économique Canada].
650 6|aFromage|xIndustrie|zÉtats-Unis.
650 6|aFromage|xIndustrie|zCanada.
650 6|aÉtudes de marché|zÉtats-Unis.
651 6|aCanada|xCommerce|zÉtats-Unis.
7101 |aCanada. |bIndustrie et commerce, |eorganisme de publication.
77508|tCheese export markets : |w(CaOODSP)9.933115
85640|qPDF|s404 Ko|uhttps://publications.gc.ca/collections/collection_2025/isde-ised/Id35-8-1980-fra.pdf